000 00276nam a2200109Ia 4500
008 220204s9999 xx 000 0 und d
082 _a301
_bDAR;1
100 _aDARLINGTON, C D
245 0 _aLittle universe of man
260 _aLondon
_bGeorge Allen & Unwin
_c1978
942 _cBK
999 _c29720
_d29720